000 00790nam a22002537i 4500
999 _c171047
_d171047
003 PPAK
005 20190131144932.0
008 190131s2018 enk||||b |||| 00| 1 eng d
020 _a9781405284240
_cRM39.90
_qpaperback
040 _aPPAK
_beng
_cPPAK
_erda
082 0 4 _223
_a823
090 0 0 _a823
_bWAT
_dK
100 1 _aWatkins, Sam,
_eauthor.
245 1 0 _aDarcy Dolphin AND THE BEST BIRTHDAY EVER! /
_cSAM WATKINS ; ILLUSTRATED BY VICKY BARKER
264 1 _aLondon :
_bEgmont UK Limited,
_c2018
300 _a175 pages :
_billustrations ;
_c20 cm
336 _2rdacontent
_atext
337 _2rdamedia
_aunmediated
338 _2rdacarrier
_avolume
650 1 0 _aChildren's stories, English
650 2 0 _aEnglish fiction
700 1 _aBarker, Vicky,
_eillustrator.
942 _2ddc
_cB